Hispano América libertada. Canto épico

Gardado en:
Detalles Bibliográficos
Autor Principal: Bustamante, Ricardo José (Author)
Formato: Libro
Idioma:Lingua castelá
Publicado: Valparaíso Imprenta del Universo, de G. Helfmann, calle de San Agustín, N§ 39 D 1883
Edición:1a. ed
Subjects:
Tags: Engadir etiqueta
Sen Etiquetas, Sexa o primeiro en etiquetar este rexistro!

MARC

LEADER 00000nam a2200000 a 4500
001 UCJ6329
003 CL-VaPUC
008 070124e18830000CL |||||||||||||||||spa|d
082 0 4 |a B861  |b BUS  |2 21 
100 0 |a Bustamante, Ricardo José  |e author  |9 512869 
245 1 0 |a Hispano América libertada. Canto épico  
250 |a 1a. ed 
300 |a 174 p 
942 |c BK 
945 |d 20070124 00:00:00  |a rinostro 
260 |a Valparaíso  |b Imprenta del Universo, de G. Helfmann, calle de San Agustín, N§ 39 D  |c 1883 
500 |a 8§.- Anteport.- v. en b.- Port.- v. en b.- Front.: Busto de Simón Bolívar.- Portadilla orlada a dos tintas.- v. en b.- texto orlado 
650 0 |a Poesía boliviana   |9 341322 
583 |a last modification  |c 20070124 00:00:00  |k Rodrigo Vera 
999 |c 322437  |d 322435 
952 |0 0  |1 0  |4 0  |6 B_861_000000000000000_BUS_1883  |7 0  |8 X  |9 401425  |a FDOBUD  |b FDOBUD  |d 2019-11-22  |i 1046446  |o B861 BUS 1883  |p 1046446  |r 2019-11-22  |w 2019-11-22  |y BK_X  |k BUD